000 01147nam a22002177a 4500
999 _c1865
_d1865
003 AR-CdUCM
008 190228b ||||| |||| 00| 0 spa d
040 _aMUNICIPALIDAD PROVINCIAL DEL CUSCO
_cBIBLIOTECA MUNICIPAL DEL CUSCO
082 _a370 /
_bP45
100 _aBelaunde Terry, Fernando
_93676
245 _aQuinquenio de la Educacion 1980 - 1985 :
_bMinisterio de Educacion /
_cBelaunde Terry, Fernando
260 _aLima - Peru:
_bInstituto Geografico Nacional ,
_c1963.
300 _a280 paginas :
_c23 cm.
505 _aPolitica Educativa del Sector 19 -- El sistema nacional de educacion 27 -- La Educacion al encuentro del educando 47 -- El educando 55 -- El educador 125 -- La Escuela 133 -- Programas Especiales 151 -- Cooperacion Tecnica Internacional 163 -- Cultura 171 -- Sistema Nacional de BIbliotecas 175 -- Ciencia y Tecnologia 181 -- Sistema de la Universidad Peruana 189 -- Deporte 193 -- Anexos 203...
650 _aSistema de Educacion.
_96836
650 _aEducacion Peruana.
_93585
650 _aPedagogia Peruana.
_96837
700 _aBelaunde Terry, Fernando
_93676
942 _2ddc
_cLIBROS
945 _artm
_d2019-02-28